000 01309nam a2200325 4500
001 0000017554
003 CO-CtgCURN
005 20250329191018.0
007 ta
008 160627s1993 000 0 eng d
020 _a9589082734
040 _aCO-CtgCURN
_bspa
_ccoctgcurn
082 0 _a720.982
_bT45
100 1 _aDíaz, Togo.
245 1 0 _aTogo Díaz :
_bel arquitecto y su ciudad /
_ccoordinador Mauricio Pinilla Acevedo , recopilacion inicial Marcelo Martin , traducción Patricia Anzola , fotografias José I. Díaz, Carlos Legnazzi, Anselmo Pérez.
260 _aBogotá :
_bUniandes. Facultad de Arquitectura,
_c1993.
300 _a178 p.
336 _2rdacontent
337 _2rdamedia
_asin mediacion
_bn
338 _2rdacarrier
_avolumen
_bnc
490 1 _aColección SomoSur ;
_v13
500 _aIncluye bibliografia.
505 8 _aHacer cuidad desde un ladrillo.--Veinte edificios.--Seis casas.--Pinturas
600 1 0 _aDíaz, Togo
_xTrabajos arquitectonicos.
700 1 _aPinilla Acevedo, Mauricio.
_aMartínez, Marcel.
_aAnzola, Patricia
_aLegnazzi, Carlos
_aPérez, Anselmo.
908 _a160627
942 _cBK
_h720.982
_iT45
_2ddc
999 _c11133
_d11133